MARC details
| 000 -LEADER |
| fixed length control field |
04214cam a22005895a 4500 |
| 001 - CONTROL NUMBER |
| control field |
L145074 |
| 008 - FIXED-LENGTH DATA ELEMENTS--GENERAL INFORMATION |
| fixed length control field |
080904s2008 xxkadeof 001 0 eng d |
| 020 ## - INTERNATIONAL STANDARD BOOK NUMBER |
| International Standard Book Number |
9781856175210 |
| 035 ## - SYSTEM CONTROL NUMBER |
| System control number |
(Sirsi) u145074 |
| 041 0# - LANGUAGE CODE |
| Language code of text/sound track or separate title |
eng |
| 050 04 - LIBRARY OF CONGRESS CALL NUMBER |
| Classification number |
690.22 $2 18 |
| 100 1# - MAIN ENTRY--PERSONAL NAME |
| Personal name |
Hughes, Phil |
| 245 00 - TITLE STATEMENT |
| Title |
Introduction to health and safety in construction |
| Remainder of title |
the handbook for construction professionals and students on NEBOSH and other construction courses |
| 250 ## - EDITION STATEMENT |
| Edition statement |
3rd ed. |
| 260 ## - PUBLICATION, DISTRIBUTION, ETC. |
| Place of publication, distribution, etc. |
Oxford |
| Name of publisher, distributor, etc. |
Butterworth Heinemann |
| Date of publication, distribution, etc. |
2008 |
| 300 ## - PHYSICAL DESCRIPTION |
| Extent |
xxvii, 598 p. |
| Other physical details |
ill. |
| Dimensions |
30cm. |
| 350 ## - PRICE (NR) (BK AM CF MU VM SE) [OBSOLETE] |
| Price |
£41.99 |
| 505 2# - FORMATTED CONTENTS NOTE |
| Formatted contents note |
Health and safety foundations -- Policy -- Organizing for health and safety -- Promoting a positive health and safety culture -- Risk assessment -- Principles of control -- Monitoring review and audit -- Incident investigation, recording and reporting -- Construction law and management -- Construction site issues: hazards and control -- Movement of people and vehicles: hazards and control -- Manual and mechanical handling hazards and control -- Work equipement hazards and control -- Electrical hazards and control -- Fire hazards and control -- Chemical and biological health hazards and control -- Physical and psychological health hazards and control -- Work at height: hazards and control -- Excavation work and confined spaces: hazards and control -- Demolition: hazards and control -- Summary of the main legal requirements -- International aspects of health and safety in construction -- Study skills -- Specimen answers to NEBOSH examinations |
| 520 ## - SUMMARY, ETC. |
| Summary, etc. |
Discusses the challenges faced by the construction industry and the challenges of occupational health and safety in general. This edition incorporates the NEBOSH National Certificate in Construction Safety and Health, and a new chapter (9) on construction law and management. Includes the latest changes in legislation: the Regulatory Reform Fire Safety Order 2004, the Control of Asbestos Regulations, the Hazardous Waste (England and Wales) Regulations, and the new Construction (Design and Management) Regulations. Contains some new examination questions. The book is a standard text for students but can also be used as a guide for managers who are responsible with health and safety and for safety representatives. |
| 590 ## - LOCAL NOTE (RLIN) |
| Local note |
KA |
| 650 24 - SUBJECT ADDED ENTRY--TOPICAL TERM |
| Topical term or geographic name entry element |
MANAGEMENT OF HEALTH AND SAFETY AT WORK (AMENDMENT) REGULATIONS 2006 |
| 650 24 - SUBJECT ADDED ENTRY--TOPICAL TERM |
| Topical term or geographic name entry element |
MANUAL HANDLING OPERATIONS REGULATIONS 1992 |
| 650 24 - SUBJECT ADDED ENTRY--TOPICAL TERM |
| Topical term or geographic name entry element |
CONTROL OF NOISE AT WORK REGULATIONS 2005 |
| 650 24 - SUBJECT ADDED ENTRY--TOPICAL TERM |
| Topical term or geographic name entry element |
WORK AT HEIGHT REGULATIONS 2005 |
| 650 24 - SUBJECT ADDED ENTRY--TOPICAL TERM |
| Topical term or geographic name entry element |
WORK AT HEIGHT (AMENDMENT) REGULATIONS 2007 |
| 650 24 - SUBJECT ADDED ENTRY--TOPICAL TERM |
| Topical term or geographic name entry element |
HEALTH AND SAFETY AT WORK ETC ACT 1974 |
| 650 24 - SUBJECT ADDED ENTRY--TOPICAL TERM |
| Topical term or geographic name entry element |
ENVIRONMENTAL PROTECTION ACT 1990 |
| 650 24 - SUBJECT ADDED ENTRY--TOPICAL TERM |
| Topical term or geographic name entry element |
NEW ROADS AND STREET WORKS ACT 1991 |
| 650 24 - SUBJECT ADDED ENTRY--TOPICAL TERM |
| Topical term or geographic name entry element |
CONTROL OF ASBESTOS REGULATIONS 2006 |
| 650 24 - SUBJECT ADDED ENTRY--TOPICAL TERM |
| Topical term or geographic name entry element |
CHEMICALS (HAZARD INFORMATION AND PACKAGING FOR SUPPLY) REGULATIONS 2002 |
| 650 24 - SUBJECT ADDED ENTRY--TOPICAL TERM |
| Topical term or geographic name entry element |
CONFINED SPACES REGULATIONS 1997 |
| 650 24 - SUBJECT ADDED ENTRY--TOPICAL TERM |
| Topical term or geographic name entry element |
CONSTRUCTION (DESIGN AND MANAGEMENT) REGULATIONS 2007 |
| 650 24 - SUBJECT ADDED ENTRY--TOPICAL TERM |
| Topical term or geographic name entry element |
CONSTRUCTION (HEAD PROTECTION) REGULATIONS 1989 |
| 650 24 - SUBJECT ADDED ENTRY--TOPICAL TERM |
| Topical term or geographic name entry element |
HEALTH AND SAFETY (CONSULTATION WITH EMPLOYERS) REGULATIONS 1996 |
| 650 24 - SUBJECT ADDED ENTRY--TOPICAL TERM |
| Topical term or geographic name entry element |
CONTROL OF SUBSTANCES HAZARDOUS TO HEALTH REGULATIONS 2002 |
| 650 24 - SUBJECT ADDED ENTRY--TOPICAL TERM |
| Topical term or geographic name entry element |
CONTROL OF SUBSTANCES HAZARDOUS TO HEALTH (AMENDMENT) REGULATIONS 2004 |
| 650 24 - SUBJECT ADDED ENTRY--TOPICAL TERM |
| Topical term or geographic name entry element |
DANGEROUS SUBSTANCES AND EXPLOSIVE ATMOSPHERES REGULATIONS 2002 |
| 650 24 - SUBJECT ADDED ENTRY--TOPICAL TERM |
| Topical term or geographic name entry element |
HEALTH AND SAFETY (DISPLAY SCREEN EQUIPMENT) REGULATIONS 1992 |
| 650 24 - SUBJECT ADDED ENTRY--TOPICAL TERM |
| Topical term or geographic name entry element |
ELECTRICITY AT WORK REGULATIONS 1989 |
| 650 24 - SUBJECT ADDED ENTRY--TOPICAL TERM |
| Topical term or geographic name entry element |
EMPLOYERS LIABILITY (COMPULSORY INSURANCE) ACT 1969 |
| 650 24 - SUBJECT ADDED ENTRY--TOPICAL TERM |
| Topical term or geographic name entry element |
EMPLOYERS LIABILITY (COMPULSORY INSURANCE) REGULATIONS 1998 |
| 650 24 - SUBJECT ADDED ENTRY--TOPICAL TERM |
| Topical term or geographic name entry element |
CONTROL OF LEAD AT WORK REGULATIONS 2002 |
| 650 24 - SUBJECT ADDED ENTRY--TOPICAL TERM |
| Topical term or geographic name entry element |
MANAGEMENT OF HEALTH AND SAFETY AT WORK REGULATIONS 1999 |
| 650 24 - SUBJECT ADDED ENTRY--TOPICAL TERM |
| Topical term or geographic name entry element |
MANAGEMENT OF HEALTH AND SAFETY AT WORK (AMENDMENT) REGULATIONS 2003 |
| 650 24 - SUBJECT ADDED ENTRY--TOPICAL TERM |
| Topical term or geographic name entry element |
MANUAL HANDLING OPERATIONS (AMENDMENT) REGULATIONS 2002 |
| 651 #4 - SUBJECT ADDED ENTRY--GEOGRAPHIC NAME |
| Geographic name |
United Kingdom |
| Chronological subdivision |
|
| 690 ## - LOCAL SUBJECT ADDED ENTRY--TOPICAL TERM (OCLC, RLIN) |
| Topical term or geographic name as entry element |
Health and safety |
| 9 (RLIN) |
6244 |
| 690 ## - LOCAL SUBJECT ADDED ENTRY--TOPICAL TERM (OCLC, RLIN) |
| Topical term or geographic name as entry element |
BUILT ENVIRONMENT-CONSTRUCTION MANAGEMENT-CONSTRUCTION DESIGN AND MANAGEMENT |
| 700 1# - ADDED ENTRY--PERSONAL NAME |
| Personal name |
Ferrett, Ed |
| 942 ## - ADDED ENTRY ELEMENTS (KOHA) |
| Suppress in OPAC |
0 |